The Secret Of Skull Mountain (Record no. 8946)

MARC details
000 -LEADER
fixed length control field 00991nam a22002177a 4500
003 - CONTROL NUMBER IDENTIFIER
control field OSt
005 - DATE AND TIME OF LATEST TRANSACTION
control field 20260311061547.0
008 - FIXED-LENGTH DATA ELEMENTS--GENERAL INFORMATION
fixed length control field 260311b |||||||| |||| 00| 0 eng d
020 ## - INTERNATIONAL STANDARD BOOK NUMBER
International Standard Book Number 0448089270
040 ## - CATALOGING SOURCE
Original cataloging agency DWCL GS lib
Transcribing agency OC
082 ## - DEWEY DECIMAL CLASSIFICATION NUMBER
Classification number Fic. D621s 2008
100 ## - MAIN ENTRY--PERSONAL NAME
Personal name Dixon W. Franklin
245 ## - TITLE STATEMENT
Title The Secret Of Skull Mountain
Statement of responsibility, etc. Franklin W. Dixon
260 ## - PUBLICATION, DISTRIBUTION, ETC.
Place of publication, distribution, etc. Canada
Name of publisher, distributor, etc. Franklin W. Dixon
Date of publication, distribution, etc. 1948
300 ## - PHYSICAL DESCRIPTION
Extent Extent- vii, 177 pages:
Other physical details illustrations ;
Dimensions 20cm
520 ## - SUMMARY, ETC.
Summary, etc. Frank and Joe Hardy investigate the mysterious overnight draining of Bayport's new reservoir. They discover a criminal syndicate, led by a villain named Kleng, is diverting the water to hide an illegal operation within a secret mountain tunnel, ultimately saving the town.
650 ## - SUBJECT ADDED ENTRY--TOPICAL TERM
Topical term or geographic name entry element courage, persistence, and proactive problem-solving in the face of crisis.
650 ## - SUBJECT ADDED ENTRY--TOPICAL TERM
Topical term or geographic name entry element courage, perseverance, and the importance of teamwork in overcoming adversity
700 ## - ADDED ENTRY--PERSONAL NAME
Personal name Frankllin W. Dixon
942 ## - ADDED ENTRY ELEMENTS (KOHA)
Source of classification or shelving scheme Dewey Decimal Classification
Koha item type Fiction
Suppress in OPAC No

No items available.